00407nam a2200121Ia 4500008004100000245009800041260004500139260000900184300000800193500000900201650001300210856006200223170516s9999 xx 000 0 und d aHomogeneous PLGA-lipid nanoparticle as a promising oral vaccine delivery system for ovalbumin bAsian Journal of Pharmaceutical Sciences c2014 a9:3 aJune xPharmacy uhttp://www.sciencedirect.com/science/journal/18180876/9/3